000 00687 a2200193 4500
003 Nust
005 20230120125714.0
010 _a30010011
040 _cNust
082 _a808.81,THE
100 _aThomas, Edward,
_9107242
245 _aThe pocket book of poems and songs for the open air /
_ccompiled by Edward Thomas
260 _aNew York
_bJ. Cape and H. Smith
_c1929
300 _axix, 333, [38] p
_b18 cm
505 _aThe Invitation (Page-1), The Start in the Morning (Page-27), Wayside Rest (Page-91), Village and In (Page-161), The footpath (Page-229), Evening (Page-297).
600 _aThomas, Edward,
_9107242
650 _aPoems and songs
_9107243
942 _2ddc
_cBK
999 _c186777
_d186777